Представление документа в формате RUSMARC

ПолеНазваниеЗначение
  Тип записи a
  Библиографический уровень m
001 Контрольный номер 650d853d26b549b2b68fec5bd20a6f7f
005 Дата корректировки 20260527111345.4
010 Индекс ISBN __
a ISBN 978-5-507-50738-2
b Уточнения в пер.
9 Тираж 50 экз.
d Цена 1772-52
100 Данные общей обработки __
a Данные общей обработки 20260525d2025 mk y0rusy028902 ca
101 Язык документа 0_
a Язык текста rus
102 Страна публикации __
a Страна публикации RU
105 Кодированные данные (монография) __
a Кодированные данные (монография) a j 000yy
181 Поле кодированных данных: вид содержания _0
a Код вида содержания (ISBD) i
182 Поле кодированных данных: тип средства _0
a Код типа средства (ISBD) n
200 Заглавие и сведения об ответственности 1_
a Заглавие Русский язык как иностранный. Открываем Россию!
e Сведения, относящиеся к заглавию учебник
f Первые сведения об ответственности Е. В. Геддис, О. А. Кунникова
203 Вид содержания и тип средства __
a Вид содержания Текст
c Тип средства непосредственный
205 Сведения об издании __
a Основные сведения об издании Издание 2-е, стереотипное
210 Выходные данные 1_
a Место издания Санкт-Петербург
a Место издания Москва
a Место издания Краснодар
c Издательство Лань
d Дата издания 2025
215 Физическое описание __
a Объем 192 с.
c Иллюстрации/тип воспроизводства ил., табл.
d Формат 21 см
225 Серия 2_
a Серия Высшее образование
300 Общие примечания __
a Общие примечания Содержит ссылки по QR-кодам на сопроводительные материалы
330 Аннотация __
a Аннотация Учебник предназначен для занятий по индивидуальному чтению для иностранных студентов I сертификационного уровня русского языка как иностранного (РКИ). Учебник состоит из двенадцати тематических глав, содержание которых нацелено на: формирование выразительного чтения; ознакомление с текстами разных жанров и форм; расширение лексического запаса; формирование лингвокультурологических знаний о культурных особенностях и традициях России, о ходе студенческой жизни, нормах и правилах общения; закрепление грамматических и словообразовательных навыков; развитие коммуникативной компетенции. Содержание текстов знакомит студентов с русским речевым этикетом и помогает более быстрой адаптации иностранных студентов к жизни в России. Учебник содержит предтекстовые, притекстовые и послетекстовые задания, а также задания творческой направленности. Ответы к заданиям расположены в конце учебника. Рекомендовано к использованию как в групповых аудиторных занятиях, так и самостоятельном обучении.
517 Другие варианты заглавия 1_
a Другие варианты заглавия Открываем Россию!
606 Тематические рубрики __
2 Код системы nlr_sh
a Основная рубрика Языкознание
606 Тематические рубрики __
2 Код системы nlr_sh
a Основная рубрика Русский язык
610 Ключевые слова 0_
a Ключевые слова русский язык
610 Ключевые слова 0_
a Ключевые слова русский язык как иностранный
610 Ключевые слова 0_
a Ключевые слова русский язык для иностранцев
610 Ключевые слова 0_
a Ключевые слова русский язык как неродной
610 Ключевые слова 0_
a Ключевые слова изучение русского языка
610 Ключевые слова 0_
a Ключевые слова русская лексика
610 Ключевые слова 0_
a Ключевые слова русская грамматика
610 Ключевые слова 0_
a Ключевые слова упражнения по русскому языку
610 Ключевые слова 0_
a Ключевые слова аудирование
686 Индексы других классификаций __
2 Код системы rubbks
a Классификационный индекс 81.411.2-99я73
700 Автор _1
a Фамилия Геддис
b Имя Е. В.
g Полное личное имя Елена Викторовна
4 Код отношения 070
701 Альтернативная интеллектуальная ответственность _1
a Фамилия Кунникова
b Имя О. А.
g Полное личное имя Ольга Андреевна
4 Код отношения 070
801 Источник записи _0
a Страна RU
b Организация Муниципальное бюджетное учреждение культуры "Централизованная библиотечная система" г. Сургут (Центральная городская библиотека им. А. С. Пушкина)
c Дата составления 20260525
g Правила каталогизации PSBO
801 Источник записи _1
a Страна RU
b Организация Муниципальное бюджетное учреждение культуры "Централизованная библиотечная система" г. Сургут (Центральная городская библиотека им. А. С. Пушкина)
c Дата составления 20260525
g Правила каталогизации PSBO
852 Данные о местонахождении __
i Авторский знак Г 28
j Шифр хранения 81.411.2-99я73
900 Макрообъекты __
a Макрообъекты Русский язык как иностранный. Открываем Россию. Геддис, Е., 2025
901 Тип документа __
a Ответственный КиК/Обаева
t Тип документа m
901 Тип документа __
a Ответственный 6 партия
903 Характеристики (МАРС) __
a Дата передачи 20260525
c Наименование библиотеки (МАРС) Муниципальное бюджетное учреждение культуры "Централизованная библиотечная система" г. Сургут (Центральная городская библиотека им. А. С. Пушкина)
969 Тип издания __
a Тип издания Ф 26
a Тип издания учебник
990 Данные о заказе (DOS) __
j Количество экземпляров (DOS) 1
t N записи в КСУ для И/У (DOS) 202606